El Quijote de la Mancha / (Record no. 29701)

MARC details
000 -LEADER
fixed length control field 00931cam a2200277Ia 4500
001 - CONTROL NUMBER
control field sjds51798762
003 - CONTROL NUMBER IDENTIFIER
control field sjds
005 - DATE AND TIME OF LATEST TRANSACTION
control field 20240502201027.0
008 - FIXED-LENGTH DATA ELEMENTS--GENERAL INFORMATION
fixed length control field 030305s2002 mx a j 000 1 spa d
020 ## - INTERNATIONAL STANDARD BOOK NUMBER
International Standard Book Number 9706434097
020 ## - INTERNATIONAL STANDARD BOOK NUMBER
International Standard Book Number 9789706434098
040 ## - CATALOGING SOURCE
Original cataloging agency JRK
Transcribing agency JRK
Modifying agency OCLCQ
041 ## - LANGUAGE CODE
Language code of text/sound track or separate title spa
100 1# - MAIN ENTRY--PERSONAL NAME
Personal name Cervantes Saavedra, Miguel de,
Dates associated with a name 1547-1616.
245 13 - TITLE STATEMENT
Title El Quijote de la Mancha /
Statement of responsibility, etc. Miguel de Cervantes Saavadra.
246 ## - VARYING FORM OF TITLE
Title proper/short title El Quijote de la Mancha
260 ## - PUBLICATION, DISTRIBUTION, ETC. (IMPRINT)
Place of publication, distribution, etc. Mexico, D.F. :
Name of publisher, distributor, etc. Selector,
Date of publication, distribution, etc. c2002.
300 ## - PHYSICAL DESCRIPTION
Extent 77 p. :
Other physical details ill. ;
Dimensions 19 cm.
490 1# - SERIES STATEMENT
Series statement Clasicos para ninos.
650 #0 - SUBJECT ADDED ENTRY--TOPICAL TERM
Topical term or geographic name as entry element Don Quixote (Fictitious character)
Form subdivision Juvenile fiction.
650 #0 - SUBJECT ADDED ENTRY--TOPICAL TERM
Topical term or geographic name as entry element Historical fiction
Form subdivision Juvenile fiction.
651 #0 - SUBJECT ADDED ENTRY--GEOGRAPHIC NAME
Geographic name Spain
General subdivision Social life and customs
Chronological subdivision 16th century
Form subdivision Juvenile fiction.
651 #7 - SUBJECT ADDED ENTRY--GEOGRAPHIC NAME
Geographic name Espana
General subdivision Vida social y costumbres
Form subdivision Novela juvenil.
Source of heading or term bidex.
830 #0 - SERIES ADDED ENTRY--UNIFORM TITLE
Uniform title Coleccion Clasicos para ninos.
942 ## - ADDED ENTRY ELEMENTS (KOHA)
Koha item type Libro/Book
Holdings
Withdrawn status Lost status Damaged status Not for loan Home library Current library Date acquired Total Checkouts Total Renewals Full call number Barcode Date last seen Date checked out Price effective from Koha item type
        San Juan Del Sur -- Mobile San Juan Del Sur -- Mobile 30/04/2024 2 1 LIT 33005005 05/11/2024 20/08/2024 30/04/2024 Libro/Book

Powered by Koha